Statistics for Five Closest Countries to New York City by Continent

Click here to take the quiz!

General Stats

  • This quiz has been taken 4,933 times
  • The average score is 25 of 30

Answer Stats

HintDistanceCountry% Correct
North America247 miCanada
99%
Europe3,093 miUnited Kingdom
96%
North America1,269 miCuba
94%
Europe3,017 miIreland
94%
Europe2,386 miPortugal
94%
Europe3,253 miSpain
94%
South America2,585 miBrazil
92%
South America1,960 miColombia
92%
Europe2,568 miIceland
92%
Africa3,508 miMorocco
92%
North America973 miBahamas
91%
South America1,987 miVenezuela
91%
Asia3,834 miRussia
89%
South America2,618 miSuriname
89%
South America2,389 miGuyana
88%
North America1,429 miHaiti
88%
North America1,444 miDominican Republic
85%
Africa3,827 miAlgeria
82%
Asia4,948 miTurkey
82%
Africa3,569 miMauritania
81%
Africa3,807 miSenegal
78%
Africa3,313 miCape Verde
77%
Oceania5,783 miKiribati
77%
Oceania7,166 miSamoa
74%
Asia5,329 miGeorgia
73%
Oceania7,094 miMarshall Islands
73%
Oceania7,485 miTuvalu
72%
Oceania7,562 miTonga
71%
Asia5,433 miCyprus
69%
Asia5,224 miKazakhstan
64%

Score Distribution

Percentile by Number Answered

Percent of People with Each Score

Your Score History

You have not taken this quiz